[Event "St Petersburg White Nights"]
[Site "St Petersburg"]
[Date "2000.06.25"]
[Round "3"]
[White "Akhmetov, Artiom"]
[Black "Goloshchapov, Alexander"]
[Result "1/2-1/2"]
[WhiteElo "2438"]
[BlackElo "2561"]
[PlyCount "48"]
[EventDate "2000.06.23"]
[EventType "tourn"]
[EventRounds "9"]
[EventCountry "RUS"]
[EventCategory "9"]
[SourceTitle "CBM 076 Extra"]
[Source "ChessBase"]
[SourceDate "2000.07.11"]
[SourceVersion "1"]
[SourceVersionDate "2000.07.11"]
[SourceQuality "1"]

1. e4 e6 2. d3 d5 3. Be2 Nf6 4. e5 Nfd7 5. f4 c5 6. Nf3 Nc6 7. c4 d4 8. 0-0 b6 9. Qe1 Bb7 10. Bd1 Qc7 11. Na3 a6 12. Bd2 Be7 13. Qg3 0-0 14. Nc2 b5 15. b3 h6 16. Nce1 Kh8 17. Qh3 Kg8 18. Nh4 Qd8 19. Nef3 Nb4 20. Be2 Nc2 21. f5 Nxa1 22. fxe6 Bxh4 23. Nxh4 Nxe5 24. Nf5 fxe6 1/2-1/2